00260 a2200097 450000500170000008200170001724500420003426000420007630000190011870000250013720250617173620.0 a320.531 LIO  aSocialism In Tanzania Vol.1 Politics. aNairobi,bAest African House,c1972. a346p.:.c24cm. aLIONEL, C. & JOHN S.